Strategic management : (Record no. 8267)

MARC details
000 -LEADER
fixed length control field 01046cam a2200205Ii 4500
020 ## - INTERNATIONAL STANDARD BOOK NUMBER
ISBN 1292148497
020 ## - INTERNATIONAL STANDARD BOOK NUMBER
ISBN 9781292148496
050 #4 - CALL NUMBER
Classification number HD30.38
Item number .D3785
100 1# - AUTHOR
Personal name David, Fred R.,
245 10 - TITLE
Title Strategic management :
Remainder of title concepts and cases : a competitive advantage approach /
Statement of responsibility, etc Fred R. David, Forest R. David.
250 ## - EDITION
Edition statement Sixteenth edition, Global edition.
260 ## - PUBLICATION INFORMATION
Place of publication Harlow :
Name of publisher Pearson Education Limited:
Year of publication 2017
300 ## - DESCRIPTION
Number of Pages 680 pages :
Other physical details illustrations ;
Dimensions 28 cm.
500 ## - NOTES
General note Includes Index
505 ## - FORMATTED CONTENTS NOTE
Table of Content 1. Strategic Management Essentials THE COHESION CASE: Nestle S.A, 2016 2. Outside-USA Strategic Planning 3. Ethics, Social Responsibility, and Sustainability 4. Types of Strategies 5. Vision and Mission Analysis 6. The Internal Audit 7. The External Audit 8. Strategy Generation and Selection 9. Strategy Implementation 10. Strategy Execution 11. Strategy Monitoring Appendix Guidelines for Case Analysis<br/>
650 #0 - SUBJECTS
Topical Term Strategic planning.
650 #0 - SUBJECTS
Topical Term Strategic planning
700 1# - OTHER AUTHORS
Personal name David, Forest R.,
942 ## - ADDED ENTRY ELEMENTS (KOHA)
Koha item type Books
Holdings
Withdrawn status Lost status Collection code Home library Current library Shelving location Date acquired Full call number Accession Number Koha item type
    Reference Methodist University Library Main Methodist University Library Main General Stacks 22/04/2022 HD30.28 .D27 8591 Books
      Methodist University Library Main Methodist University Library Main General Stacks 22/04/2022 HD30.28 .D27 8592 Books
Copyright © 2026  MUG Library